<?xml version='1.0' encoding='UTF-8'?><?xml-stylesheet href='static/style.xsl' type='text/xsl'?><OAI-PMH xmlns="http://www.openarchives.org/OAI/2.0/" xmlns:xsi="http://www.w3.org/2001/XMLSchema-instance" xsi:schemaLocation="http://www.openarchives.org/OAI/2.0/ http://www.openarchives.org/OAI/2.0/OAI-PMH.xsd"><responseDate>2026-05-01T00:25:09Z</responseDate><request verb="GetRecord" identifier="oai:ebiltegia.mondragon.edu:20.500.11984/4018" metadataPrefix="marc">https://ebiltegia.mondragon.edu/oai/request</request><GetRecord><record><header><identifier>oai:ebiltegia.mondragon.edu:20.500.11984/4018</identifier><datestamp>2024-01-04T21:56:53Z</datestamp><setSpec>com_20.500.11984_1736</setSpec><setSpec>com_20.500.11984_1627</setSpec><setSpec>col_20.500.11984_1972</setSpec></header><metadata><record xmlns="http://www.loc.gov/MARC21/slim" xmlns:dcterms="http://purl.org/dc/terms/" xmlns:xsi="http://www.w3.org/2001/XMLSchema-instance" xmlns:doc="http://www.lyncode.com/xoai" xsi:schemaLocation="http://www.loc.gov/MARC21/slim http://www.loc.gov/standards/marcxml/schema/MARC21slim.xsd">
   <leader>00925njm 22002777a 4500</leader>
   <datafield ind2=" " ind1=" " tag="042">
      <subfield code="a">dc</subfield>
   </datafield>
   <datafield ind2=" " ind1=" " tag="720">
      <subfield code="a">Mondragon Unibertsitatea</subfield>
      <subfield code="e">author</subfield>
   </datafield>
   <datafield ind2=" " ind1=" " tag="260">
      <subfield code="c">2014-10-09</subfield>
   </datafield>
   <datafield ind2=" " ind1=" " tag="520">
      <subfield code="a">Aldaketak daude Humanitate eta Hezkuntza Zientzien Fakultateak eskaintzen duen Komunikazioa erakundeetan aditu tituluan: Bilbon beharrean, azkenean, aurreko bi edizioak bezala, Aretxabaletako campusean eskainiko da aditu titulu hori. Ikastaroa hasiko da 2015eko urtarrilean eta urte bereko uztail hasieran amaituko da ikasleek egindako proiektuen aurkezpen akademikoekin. Izan ere, aurreko bi edizioetan bezala, proiektu praktikoa izango da adituaren ardatza.</subfield>
   </datafield>
   <datafield ind2=" " ind1=" " tag="520">
      <subfield code="a">Hay novedades en el título experto Comunicación en las organizaciones que ofrece la Facultad de Humanidades y Ciencias de la Educación: como en las dos ocasiones anteriores, la presente edición también se llevará a cabo en el campus de Aretxabaleta en vez de en la sede Bilbao, como se había anunciado anteriormente. El título comenzará en enero de 2015 y finalizará a primeros de julio con la presentación académica de los proyectos. Como es habitual en este título experto, el proyecto práctico será el eje central del curso.</subfield>
   </datafield>
   <datafield ind1="8" ind2=" " tag="024">
      <subfield code="a">https://hdl.handle.net/20.500.11984/4018</subfield>
   </datafield>
   <datafield tag="653" ind2=" " ind1=" ">
      <subfield code="a">Humanitate eta Hezkuntza Zientzien Fakultatea</subfield>
   </datafield>
   <datafield ind2="0" ind1="0" tag="245">
      <subfield code="a">Aretxabaletako campusera itzuliko da Komunikazioa erakundeetan aditu titulua</subfield>
   </datafield>
   <datafield ind2="0" ind1="0" tag="245">
      <subfield code="a">El título experto en Comunicación en las organizaciones vuelve al campus de Aretxabaleta</subfield>
   </datafield>
</record></metadata></record></GetRecord></OAI-PMH>